WILKINS CLINICAL ASSESSMENT IN RESPIRATORY CARE (Record no. 21976)

MARC details
000 -LEADER
fixed length control field 00362nam a22001577a 4500
003 - CONTROL NUMBER IDENTIFIER
control field SGT
020 ## - INTERNATIONAL STANDARD BOOK NUMBER
International Standard Book Number 9780323416351
082 ## - DEWEY DECIMAL CLASSIFICATION NUMBER
Classification number 616.024
Item number W18H
100 ## - MAIN ENTRY--PERSONAL NAME
Personal name HEUER, ALBERT
245 ## - TITLE STATEMENT
Title WILKINS CLINICAL ASSESSMENT IN RESPIRATORY CARE
250 ## - EDITION STATEMENT
Edition statement 8TH
260 ## - PUBLICATION, DISTRIBUTION, ETC. (IMPRINT)
Place of publication, distribution, etc LOUIS
Name of publisher, distributor, etc ELSEVIER PUB
Year of Publication 2018
300 ## - PAGE DESCRIPTION
No. of Pages 492
650 ## - SUBJECT ADDED ENTRY--TOPICAL TERM
Topical term or geographic name as entry element MEDICINE
942 ## - ADDED ENTRY ELEMENTS (KOHA)
Source of classification or shelving scheme Dewey Decimal Classification
Koha item type Books
942 ## - ADDED ENTRY ELEMENTS (KOHA)
-- 33
Holdings
Withdrawn status Lost status Source of classification or shelving scheme Damaged status Not for loan Collection code Home library Current library Shelving location Date acquired Vendor Name SGTU Bill Number Total Checkouts Full call number Accession No. (Barcode) Date last seen Date last borrowed Bill Date Koha item type
    Dewey Decimal Classification   Not For Loan MEDICAL SGT Medical Library SGT Medical Library Reference Book 02/11/2021 ABC DELHI SGTU 13417 1 616.024 W18H FM12571 23/08/2024 12/08/2024   Books
    Dewey Decimal Classification   Not For Loan MEDICAL SGT Medical Library SGT Medical Library Reference Book 02/11/2021 ABC DELHI SGTU 13417   616.024 W18H FM12572 24/09/2022     Books
    Dewey Decimal Classification   Not For Loan MEDICAL SGT Medical Library SGT Medical Library Reference Book 02/11/2021 ABC DELHI SGTU 13417 11 616.024 W18H FM12573 08/10/2024 25/09/2024   Books
    Dewey Decimal Classification   Not For Loan MEDICAL SGT Medical Library SGT Medical Library Reference Book 02/11/2021 ABC DELHI SGTU 13417 6 616.024 W18H FM12574 09/10/2024 16/08/2024   Books
    Dewey Decimal Classification   Not For Loan MEDICAL SGT Medical Library SGT Medical Library Reference Book 02/11/2021 ABC DELHI SGTU 13417 15 616.024 W18H FM12575 20/08/2024 07/08/2024   Books